000 00768nam a2200217Ii 4500
003 JO-AjNU
008 230605s9999||||xx |||||||||||||| ||und||
017 _a1985/1383
040 _aJO-AjNU
_bara
_erda
_cJO-AjNU
041 _aara
050 1 4 _aHE152.B2482.1985
100 3 _aالبكري،ثامر ياسر,
_eauthor
_919524
245 0 0 _aادارة منشآت النقل والاتصالات
250 _aط1
264 3 1 _aبغداد:مطبعة دار القادسية،1985
300 _a295ص
_bيحتوي على جداول ويحتوي ببلوغرافية من ص281-295ص
336 _atext
_btxt
_2rdacontent
337 _aunmediated
_bn
_2rdamedia
338 _avolume
_bnc
_2rdacarrier
650 4 _aالنقل-ادارة النقل البحري
_919525
999 _aA6458
_c10026
_d10026